[Event "Mindsports Masters GM"]
[Site "London"]
[Date "2022.09.09"]
[Round "1.1"]
[White "Grieve, Harry"]
[Black "Czopor, Maciej"]
[Result "1-0"]
[WhiteElo "2418"]
[BlackElo "2415"]
[PlyCount "113"]
[EventDate "2022.09.09"]
[EventType "tourn"]
[EventRounds "9"]
[EventCountry "ENG"]
[SourceTitle "BritBase"]
[Source "John Saunders"]
[SourceDate "2022.12.07"]
[SourceVersion "1"]
[SourceVersionDate "2022.12.07"]
[SourceQuality "1"]

1. e4 c5 2. Nf3 e6 3. Nc3 Nc6 4. d4 cxd4 5. Nxd4 Qc7 6. Be3 a6 7. Qf3 Nf6 8.
O-O-O Ne5 9. Qg3 b5 10. Bf4 d6 11. Bxb5+ axb5 12. Bxe5 dxe5 13. Ncxb5 Qc5 14.
b4 Qb6 15. Qxe5 Bxb4 16. Nc7+ Kf8 17. Nxa8 Ba3+ 18. Kd2 Qc5 19. Qxc5+ Bxc5 20.
Kc1 Bd7 21. Nb3 Ba3+ 22. Kb1 Ke7 23. Nb6 Bb5 24. c4 Bc6 25. f3 Rb8 26. c5 Bxc5
27. Nxc5 Rxb6+ 28. Nb3 Nd7 29. Rc1 Ne5 30. Rhd1 g5 31. Rc5 f6 32. Kb2 g4 33. f4
Nd7 34. Rc4 f5 35. exf5 exf5 36. g3 Nf6 37. Rc5 Bd7 38. Rd4 Re6 39. Re5 Rxe5
40. fxe5 Ne4 41. a4 h5 42. a5 Bb5 43. Rb4 Bd3 44. Nd4 Nc5 45. Rb8 h4 46. Rh8
hxg3 47. hxg3 Be4 48. Kc3 f4 49. gxf4 g3 50. Ne2 g2 51. Kd4 Na4 52. Kxe4 Nc3+
53. Kf3 Nxe2 54. Kxg2 Nxf4+ 55. Kf3 Ng6 56. Rh7+ Ke6 57. Rh6 1-0

[Event "Mindsports Masters GM"]
[Site "London"]
[Date "2022.09.09"]
[Round "1.2"]
[White "Lalic, Bogdan"]
[Black "Roberson, Peter T"]
[Result "1/2-1/2"]
[WhiteElo "2393"]
[BlackElo "2429"]
[PlyCount "37"]
[EventDate "2022.09.09"]
[EventType "tourn"]
[EventRounds "9"]
[EventCountry "ENG"]
[SourceTitle "BritBase"]
[Source "John Saunders"]
[SourceDate "2022.12.07"]
[SourceVersion "1"]
[SourceVersionDate "2022.12.07"]
[SourceQuality "1"]

1. d4 d5 2. c4 c6 3. Nc3 Nf6 4. e3 e6 5. Nf3 Nbd7 6. Qc2 Bd6 7. b3 O-O 8. Be2
b6 9. O-O Bb7 10. Bb2 Rc8 11. Rad1 c5 12. cxd5 Nxd5 13. Nxd5 Bxd5 14. e4 Bb7
15. dxc5 Nxc5 16. e5 Nd7 17. Qd3 Bxf3 18. Qxf3 Be7 19. Bb5 1/2-1/2

[Event "Mindsports Masters GM"]
[Site "London"]
[Date "2022.09.09"]
[Round "1.3"]
[White "Moreby, James"]
[Black "Fitzsimons, David"]
[Result "1/2-1/2"]
[WhiteElo "2319"]
[BlackElo "2365"]
[PlyCount "35"]
[EventDate "2022.09.09"]
[EventType "tourn"]
[EventRounds "9"]
[EventCountry "ENG"]
[SourceTitle "BritBase"]
[Source "John Saunders"]
[SourceDate "2022.12.07"]
[SourceVersion "1"]
[SourceVersionDate "2022.12.07"]
[SourceQuality "1"]

1. Nf3 d5 2. c4 e6 3. g3 Nf6 4. Bg2 Be7 5. O-O O-O 6. b3 c5 7. Bb2 Nc6 8. e3 d4
9. exd4 cxd4 10. Re1 Re8 11. a3 a5 12. d3 Bc5 13. Ne5 Nxe5 14. Rxe5 Qd6 15. Qe1
Bd7 16. Nd2 Bc6 17. Re2 Bxg2 18. Kxg2 1/2-1/2

[Event "Mindsports Masters GM"]
[Site "London"]
[Date "2022.09.09"]
[Round "1.4"]
[White "Rowson, Jonathan"]
[Black "Cherniaev, Alexander"]
[Result "1-0"]
[WhiteElo "2561"]
[BlackElo "2395"]
[PlyCount "73"]
[EventDate "2022.09.09"]
[EventType "tourn"]
[EventRounds "9"]
[EventCountry "ENG"]
[SourceTitle "BritBase"]
[Source "John Saunders"]
[SourceDate "2022.12.07"]
[SourceVersion "1"]
[SourceVersionDate "2022.12.07"]
[SourceQuality "1"]

1. d4 b6 2. e4 Bb7 3. Bd3 Nf6 4. Qe2 Nc6 5. c3 e5 6. Nf3 d6 7. O-O Be7 8. d5
Nb8 9. c4 O-O 10. Nc3 a5 11. a3 Na6 12. Rb1 Nc5 13. Bc2 a4 14. Be3 Nfd7 15. Qd1
Ba6 16. Nd2 Bg5 17. Nxa4 Bxe3 18. fxe3 Qh4 19. Nc3 Nf6 20. Qe1 Qh6 21. Rf3 Bc8
22. Nb5 Bg4 23. Rg3 Rfc8 24. b4 Na4 25. Nf1 Bd7 26. Rf3 Ne8 27. Bb3 g6 28. Ra1
Ra6 29. Qd1 Rca8 30. Qc2 Qg5 31. Re1 h5 32. Nd2 Kg7 33. Ref1 f6 34. Re1 c6 35.
dxc6 Bxc6 36. Rg3 Qh6 37. Nf3 1-0

[Event "Mindsports Masters GM"]
[Site "London"]
[Date "2022.09.09"]
[Round "1.5"]
[White "Willow, Jonah B"]
[Black "Royal, Shreyas"]
[Result "0-1"]
[WhiteElo "2385"]
[BlackElo "2412"]
[PlyCount "82"]
[EventDate "2022.09.09"]
[EventType "tourn"]
[EventRounds "9"]
[EventCountry "ENG"]
[SourceTitle "BritBase"]
[Source "John Saunders"]
[SourceDate "2022.12.07"]
[SourceVersion "1"]
[SourceVersionDate "2022.12.07"]
[SourceQuality "1"]

1. e4 e5 2. Nf3 Nc6 3. Bb5 a6 4. Ba4 Nf6 5. O-O Be7 6. Re1 b5 7. Bb3 d6 8. c3
O-O 9. h3 Nb8 10. d4 Nbd7 11. Nbd2 Bb7 12. Bc2 Re8 13. a4 Bf8 14. Bd3 c6 15. b3
g6 16. Bb2 Nh5 17. Bf1 Nf4 18. g3 Ne6 19. b4 Qc7 20. Nb3 Nb6 21. axb5 axb5 22.
dxe5 dxe5 23. Qc2 Nc4 24. Bxc4 bxc4 25. Nbd2 Ba6 26. Ra5 Bb5 27. Rea1 Rxa5 28.
Rxa5 Rb8 29. Nf1 c5 30. Ra1 Bg7 31. Rd1 Qa7 32. Ra1 Qb7 33. Ba3 Ra8 34. bxc5
Nxc5 35. N3d2 Nd3 36. Ne3 Qc8 37. Nd5 Qxh3 38. Nc7 Rxa3 39. Rb1 Ba4 40. Rb8+
Bf8 41. Qb1 Rxc3 0-1

[Event "Mindsports Masters GM"]
[Site "London"]
[Date "2022.09.09"]
[Round "2.1"]
[White "Czopor, Maciej"]
[Black "Royal, Shreyas"]
[Result "1/2-1/2"]
[WhiteElo "2415"]
[BlackElo "2412"]
[PlyCount "61"]
[EventDate "2022.09.09"]
[EventType "tourn"]
[EventRounds "9"]
[EventCountry "ENG"]
[SourceTitle "BritBase"]
[Source "John Saunders"]
[SourceDate "2022.12.07"]
[SourceVersion "1"]
[SourceVersionDate "2022.12.07"]
[SourceQuality "1"]

1. e4 e5 2. Nf3 Nc6 3. Bc4 Bc5 4. O-O Nf6 5. d4 Bxd4 6. Nxd4 Nxd4 7. Bg5 d6 8.
f4 Bg4 9. Bxf6 Bxd1 10. Bxd8 Rxd8 11. Rxd1 Nxc2 12. Nc3 Nxa1 13. Rxa1 exf4 14.
Nd5 O-O 15. Be2 c6 16. Nxf4 Rde8 17. Bf3 f5 18. exf5 Rxf5 19. Nd3 d5 20. Rd1 h5
21. h3 Kh7 22. b4 Kh6 23. a4 Re3 24. a5 Rf6 25. Nc5 b6 26. axb6 axb6 27. Nd7
Rf7 28. Nxb6 Rb7 29. Nxd5 cxd5 30. Rxd5 Rxf3 31. gxf3 1/2-1/2

[Event "Mindsports Masters GM"]
[Site "London"]
[Date "2022.09.09"]
[Round "2.2"]
[White "Cherniaev, Alexander"]
[Black "Willow, Jonah B"]
[Result "1/2-1/2"]
[WhiteElo "2395"]
[BlackElo "2385"]
[PlyCount "157"]
[EventDate "2022.09.09"]
[EventType "tourn"]
[EventRounds "9"]
[EventCountry "ENG"]
[SourceTitle "BritBase"]
[Source "John Saunders"]
[SourceDate "2022.12.07"]
[SourceVersion "1"]
[SourceVersionDate "2022.12.07"]
[SourceQuality "1"]

1. e4 c5 2. c3 Nf6 3. e5 Nd5 4. Nf3 Nc6 5. d4 cxd4 6. cxd4 g6 7. Qb3 e6 8. Nc3
Nxc3 9. bxc3 d6 10. Bg5 Be7 11. Bh6 dxe5 12. Bg7 Rg8 13. Bxe5 Nxe5 14. Nxe5 Kf8
15. Be2 Kg7 16. O-O Qc7 17. Bf3 Bd6 18. Rfe1 f6 19. Nd3 Bxh2+ 20. Kh1 Bd6 21.
c4 Rd8 22. Rab1 Bf8 23. d5 exd5 24. cxd5 Bd6 25. Re4 Bf5 26. Rc4 Qb6 27. Qc2
Qa6 28. Qb3 Rac8 29. Qxb7+ Qxb7 30. Rxb7+ Kg8 31. Nb2 Rb8 32. Rb3 Rxb3 33. axb3
Rb8 34. Rc6 Be5 35. Nc4 Rxb3 36. Nxe5 fxe5 37. d6 Rd3 38. Be2 Rd2 39. Bc4+ Kg7
40. Kg1 h5 41. Ra6 Kh6 42. Rxa7 Rxd6 43. Ra2 Kg5 44. Re2 e4 45. Re3 Kf4 46. Be2
Rd2 47. g3+ Ke5 48. Kf1 Ra2 49. Ke1 Ra1+ 50. Kd2 Ra2+ 51. Ke1 Kd4 52. Rb3 Be6
53. Rb8 Kc3 54. Rd8 Ra1+ 55. Rd1 Ra2 56. Rd6 Bf5 57. Rd8 Ra1+ 58. Rd1 Rxd1+ 59.
Bxd1 Bg4 60. Ba4 g5 61. Kf1 Kd2 62. Kg1 Ke1 63. Bc6 Bf3 64. Bd7 Ke2 65. Bb5+
Kd2 66. Bd7 Ke1 67. Bc8 Be2 68. Bf5 Bd3 69. Bd7 Kd2 70. Be8 Be2 71. Bg6 Bf3 72.
Be8 Bg4 73. Bg6 e3 74. fxe3 Kxe3 75. Kg2 Bf3+ 76. Kg1 Bd1 77. Kg2 Be2 78. Be8
Bf3+ 79. Kg1 1/2-1/2

[Event "Mindsports Masters GM"]
[Site "London"]
[Date "2022.09.09"]
[Round "2.3"]
[White "Fitzsimons, David"]
[Black "Rowson, Jonathan"]
[Result "0-1"]
[WhiteElo "2365"]
[BlackElo "2561"]
[PlyCount "114"]
[EventDate "2022.09.09"]
[EventType "tourn"]
[EventRounds "9"]
[EventCountry "ENG"]
[SourceTitle "BritBase"]
[Source "John Saunders"]
[SourceDate "2022.12.07"]
[SourceVersion "1"]
[SourceVersionDate "2022.12.07"]
[SourceQuality "1"]

1. e4 c6 2. d4 d5 3. exd5 cxd5 4. c4 Nf6 5. Nc3 Nc6 6. Bg5 e6 7. Nf3 Be7 8. c5
O-O 9. Bb5 Ne4 10. Bxe7 Nxe7 11. Rc1 Ng6 12. O-O Bd7 13. Bxd7 Qxd7 14. Re1 f5
15. b4 a6 16. Na4 Rad8 17. Nb6 Qe7 18. a4 Rf6 19. Qb3 Qc7 20. b5 axb5 21. Qxb5
Ne7 22. Ne5 Nc6 23. Nxc6 bxc6 24. Qe2 Rh6 25. h3 e5 26. f3 exd4 27. fxe4 fxe4
28. a5 d3 29. Qd2 Qa7 30. Qa2 Re6 31. Re3 Qa6 32. Rb1 h6 33. Kh2 Kh8 34. Rd1
Rde8 35. Qa4 R8e7 36. Qb4 Qa7 37. Nc8 Qc7+ 38. Nd6 Qd8 39. a6 Qf8 40. Kh1 Rf6
41. Ree1 e3 42. Rxd3 Rf4 43. Rd4 Rf1+ 44. Kh2 Qf2 45. Rxf1 Qxf1 46. Qb8+ Kh7
47. a7 e2 48. a8=Q e1=Q 49. Qh8+ Kg6 50. Rg4+ Kh5 51. Rh4+ Kxh4 52. Qa4+ Re4
53. Qd8+ g5 54. Qxe4+ dxe4 55. Nf5+ Qxf5 56. Qd6 Qf4+ 57. g3+ Qexg3+ 0-1

[Event "Mindsports Masters GM"]
[Site "London"]
[Date "2022.09.09"]
[Round "2.4"]
[White "Roberson, Peter T"]
[Black "Moreby, James"]
[Result "1/2-1/2"]
[WhiteElo "2429"]
[BlackElo "2319"]
[PlyCount "86"]
[EventDate "2022.09.09"]
[EventType "tourn"]
[EventRounds "9"]
[EventCountry "ENG"]
[SourceTitle "BritBase"]
[Source "John Saunders"]
[SourceDate "2022.12.07"]
[SourceVersion "1"]
[SourceVersionDate "2022.12.07"]
[SourceQuality "1"]

1. e4 d5 2. exd5 Qxd5 3. Nc3 Qd8 4. d4 Nf6 5. Nf3 Bg4 6. h3 Bxf3 7. Qxf3 c6 8.
g4 e6 9. g5 Nd5 10. Ne4 Qb6 11. Bg2 c5 12. c4 Nb4 13. dxc5 Bxc5 14. Nxc5 Qxc5
15. Qc3 N8c6 16. O-O Qe5 17. Bd2 Qf5 18. Qxg7 O-O-O 19. Bxb4 Rhg8 20. Qf6 Qxf6
21. gxf6 Nxb4 22. Rfd1 Rxd1+ 23. Rxd1 Rg6 24. Rd4 Rxf6 25. a3 Nc6 26. Bxc6 bxc6
27. Kg2 Kc7 28. b4 e5 29. Rh4 h6 30. Rh5 Kd6 31. f3 Rg6+ 32. Kf2 Ke6 33. b5
cxb5 34. cxb5 f5 35. a4 Rf6 36. Ke3 Kd5 37. Rh4 f4+ 38. Kd3 a6 39. Rg4 axb5 40.
axb5 Rb6 41. Rg8 Rxb5 42. Rd8+ Ke6 43. Rh8 Rb3+ 1/2-1/2

[Event "Mindsports Masters GM"]
[Site "London"]
[Date "2022.09.09"]
[Round "2.5"]
[White "Grieve, Harry"]
[Black "Lalic, Bogdan"]
[Result "1/2-1/2"]
[WhiteElo "2418"]
[BlackElo "2393"]
[PlyCount "32"]
[EventDate "2022.09.09"]
[EventType "tourn"]
[EventRounds "9"]
[EventCountry "ENG"]
[SourceTitle "BritBase"]
[Source "John Saunders"]
[SourceDate "2022.12.07"]
[SourceVersion "1"]
[SourceVersionDate "2022.12.07"]
[SourceQuality "1"]

1. e4 e6 2. d4 d5 3. e5 c5 4. c3 Nc6 5. Nf3 Bd7 6. Bd3 cxd4 7. cxd4 Qb6 8. O-O
Nxd4 9. Nbd2 Bc5 10. Nxd4 Bxd4 11. Qh5 Ne7 12. Nf3 Ng6 13. Bd2 Bc5 14. b4 Be7
15. Rac1 O-O 16. Bg5 Bb5 1/2-1/2

[Event "Mindsports Masters GM"]
[Site "London"]
[Date "2022.09.10"]
[Round "3.1"]
[White "Lalic, Bogdan"]
[Black "Czopor, Maciej"]
[Result "1/2-1/2"]
[WhiteElo "2393"]
[BlackElo "2415"]
[PlyCount "71"]
[EventDate "2022.09.09"]
[EventType "tourn"]
[EventRounds "9"]
[EventCountry "ENG"]
[SourceTitle "BritBase"]
[Source "John Saunders"]
[SourceDate "2022.12.07"]
[SourceVersion "1"]
[SourceVersionDate "2022.12.07"]
[SourceQuality "1"]

1. d4 Nf6 2. c4 g6 3. Nf3 Bg7 4. g3 O-O 5. Bg2 d6 6. O-O c5 7. d5 e6 8. dxe6
fxe6 9. Nc3 Nc6 10. Bf4 Ne8 11. Qd2 Nd4 12. Bh6 Bxh6 13. Qxh6 Nf5 14. Qd2 Bd7
15. Rad1 Bc6 16. e4 Nfg7 17. Ne5 Qf6 18. Nxc6 bxc6 19. e5 Qxe5 20. Bxc6 Rb8 21.
Rfe1 Qf6 22. b3 Rb6 23. Ne4 Qf5 24. Bxe8 Nxe8 25. f4 h6 26. Qe2 Qf7 27. Rd3 Qe7
28. Nc3 Nc7 29. Nd5 Nxd5 30. cxd5 e5 31. fxe5 dxe5 32. Qxe5 Qf7 33. d6 Rxd6 34.
Rxd6 Qf2+ 35. Kh1 Qf3+ 36. Kg1 1/2-1/2

[Event "Mindsports Masters GM"]
[Site "London"]
[Date "2022.09.10"]
[Round "3.2"]
[White "Moreby, James"]
[Black "Grieve, Harry"]
[Result "1/2-1/2"]
[WhiteElo "2319"]
[BlackElo "2418"]
[PlyCount "49"]
[EventDate "2022.09.09"]
[EventType "tourn"]
[EventRounds "9"]
[EventCountry "ENG"]
[SourceTitle "BritBase"]
[Source "John Saunders"]
[SourceDate "2022.12.07"]
[SourceVersion "1"]
[SourceVersionDate "2022.12.07"]
[SourceQuality "1"]

1. e4 c5 2. Nf3 e6 3. d4 cxd4 4. Nxd4 Nc6 5. Nc3 Qc7 6. Be3 a6 7. Qf3 Nf6 8.
O-O-O Ne5 9. Qg3 b5 10. Bxb5 axb5 11. Ndxb5 Qb8 12. Bf4 d6 13. Rxd6 Nh5 14. Qg5
Bxd6 15. Nxd6+ Qxd6 16. Bxe5 Ra5 17. Nd5 Qd7 18. Bxg7 Rg8 19. Qxh5 exd5 20.
Qxh7 Rxg7 21. Qxg7 Rxa2 22. Qh8+ Ke7 23. Qe5+ Kf8 24. Qh8+ Ke7 25. Qe5+ 1/2-1/2

[Event "Mindsports Masters GM"]
[Site "London"]
[Date "2022.09.10"]
[Round "3.3"]
[White "Rowson, Jonathan"]
[Black "Roberson, Peter T"]
[Result "1/2-1/2"]
[WhiteElo "2561"]
[BlackElo "2429"]
[PlyCount "61"]
[EventDate "2022.09.09"]
[EventType "tourn"]
[EventRounds "9"]
[EventCountry "ENG"]
[SourceTitle "BritBase"]
[Source "John Saunders"]
[SourceDate "2022.12.07"]
[SourceVersion "1"]
[SourceVersionDate "2022.12.07"]
[SourceQuality "1"]

1. d4 d5 2. c4 c6 3. Nc3 Nf6 4. e3 e6 5. Nf3 Nbd7 6. Qc2 Bd6 7. Bd2 O-O 8. h3
e5 9. g4 exd4 10. Nxd4 Ne5 11. cxd5 Nxd5 12. Nxd5 cxd5 13. Bc3 Bd7 14. Bg2 Rc8
15. Qe2 Re8 16. Bxd5 Ng6 17. Qd2 b5 18. Rd1 Nf4 19. Bb3 b4 20. Bxb4 Bxb4 21.
Qxb4 Qh4 22. Ne2 Ng2+ 23. Kf1 Bc6 24. Rh2 Rxe3 25. fxe3 Nxe3+ 26. Kg1 Nxd1 27.
Bxd1 Bf3 28. Kf1 Bxe2+ 29. Rxe2 Qxh3+ 30. Rg2 Qh1+ 31. Rg1 1/2-1/2

[Event "Mindsports Masters GM"]
[Site "London"]
[Date "2022.09.10"]
[Round "3.4"]
[White "Willow, Jonah B"]
[Black "Fitzsimons, David"]
[Result "1/2-1/2"]
[WhiteElo "2385"]
[BlackElo "2365"]
[PlyCount "87"]
[EventDate "2022.09.09"]
[EventType "tourn"]
[EventRounds "9"]
[EventCountry "ENG"]
[SourceTitle "BritBase"]
[Source "John Saunders"]
[SourceDate "2022.12.07"]
[SourceVersion "1"]
[SourceVersionDate "2022.12.07"]
[SourceQuality "1"]

1. e4 e6 2. d4 d5 3. Nc3 dxe4 4. Nxe4 Nd7 5. Nf3 Ngf6 6. Bd3 c5 7. O-O Nxe4 8.
Bxe4 Nf6 9. Bd3 cxd4 10. Nxd4 Be7 11. c3 O-O 12. Qe2 Bd7 13. Rd1 Re8 14. Bf4
Qb6 15. Be5 Red8 16. Bc2 Bc6 17. Nxe6 Bb5 18. c4 Qxe6 19. cxb5 Ng4 20. Qe4 f5
21. Qxg4 fxg4 22. Bb3 Qxb3 23. axb3 Bc5 24. Kf1 Bb6 25. Rac1 Rxd1+ 26. Rxd1 Rf8
27. Rd2 Rf5 28. Bc3 h5 29. Ke1 g5 30. f3 gxf3 31. gxf3 Kf7 32. Rd7+ Ke6 33. Rg7
Rxb5 34. Ke2 Bd8 35. Rh7 h4 36. b4 Be7 37. Kd3 a6 38. Ke4 Bxb4 39. Rh6+ Kd7 40.
Be5 Be7 41. Rh7 Ke6 42. Rh6+ Kd7 43. Rh7 Ke6 44. Rh6+ 1/2-1/2

[Event "Mindsports Masters GM"]
[Site "London"]
[Date "2022.09.10"]
[Round "3.5"]
[White "Royal, Shreyas"]
[Black "Cherniaev, Alexander"]
[Result "1-0"]
[WhiteElo "2412"]
[BlackElo "2395"]
[PlyCount "59"]
[EventDate "2022.09.09"]
[EventType "tourn"]
[EventRounds "9"]
[EventCountry "ENG"]
[SourceTitle "BritBase"]
[Source "John Saunders"]
[SourceDate "2022.12.07"]
[SourceVersion "1"]
[SourceVersionDate "2022.12.07"]
[SourceQuality "1"]

1. d4 d6 2. Nf3 g6 3. c4 Bg7 4. Nc3 e5 5. e3 Nd7 6. Be2 Ngf6 7. O-O O-O 8. b4
Re8 9. Qc2 a5 10. b5 b6 11. dxe5 Nxe5 12. Nxe5 Rxe5 13. Bf3 Rb8 14. Bb2 Re8 15.
Rad1 Bg4 16. Bxg4 Nxg4 17. h3 Ne5 18. Nd5 Nd7 19. Bxg7 Kxg7 20. Qc3+ f6 21. Rd4
Rf8 22. h4 Rf7 23. h5 Nc5 24. Rg4 Qd7 25. f3 Ne6 26. h6+ Kxh6 27. Nxf6 Qd8 28.
Rh4+ Kg5 29. f4+ Kxh4 30. Qe1# 1-0

[Event "Mindsports Masters GM"]
[Site "London"]
[Date "2022.09.10"]
[Round "4.1"]
[White "Czopor, Maciej"]
[Black "Cherniaev, Alexander"]
[Result "1/2-1/2"]
[WhiteElo "2415"]
[BlackElo "2395"]
[PlyCount "83"]
[EventDate "2022.09.09"]
[EventType "tourn"]
[EventRounds "9"]
[EventCountry "ENG"]
[SourceTitle "BritBase"]
[Source "John Saunders"]
[SourceDate "2022.12.07"]
[SourceVersion "1"]
[SourceVersionDate "2022.12.07"]
[SourceQuality "1"]

1. e4 c6 2. Nc3 d5 3. Nf3 g6 4. d4 Bg7 5. h3 Nh6 6. Bd3 f6 7. O-O O-O 8. Re1
Nf7 9. e5 fxe5 10. dxe5 e6 11. Bf4 c5 12. Qd2 Nc6 13. Bg3 a6 14. Bf1 b5 15. a3
Bb7 16. Na2 Qb6 17. h4 Bh6 18. Qd1 Ne7 19. Bh2 d4 20. Nd2 Bxd2 21. Qxd2 Nf5 22.
h5 Qc6 23. Qe2 g5 24. Qg4 Kh8 25. Bd3 Rg8 26. Be4 Qb6 27. Rad1 N7h6 28. Qe2
Raf8 29. Nc1 Ne3 30. fxe3 Bxe4 31. exd4 Bd5 32. dxc5 Qxc5+ 33. Qe3 Qc6 34. Rd2
Nf5 35. Qc3 Qb6+ 36. Kh1 Rc8 37. Qd3 Rc4 38. Rf1 Rd4 39. Qc3 Rc4 40. Qd3 Rd4
41. Qc3 Rc4 42. Qd3 1/2-1/2

[Event "Mindsports Masters GM"]
[Site "London"]
[Date "2022.09.10"]
[Round "4.2"]
[White "Fitzsimons, David"]
[Black "Royal, Shreyas"]
[Result "1/2-1/2"]
[WhiteElo "2365"]
[BlackElo "2412"]
[PlyCount "77"]
[EventDate "2022.09.09"]
[EventType "tourn"]
[EventRounds "9"]
[EventCountry "ENG"]
[SourceTitle "BritBase"]
[Source "John Saunders"]
[SourceDate "2022.12.07"]
[SourceVersion "1"]
[SourceVersionDate "2022.12.07"]
[SourceQuality "1"]

1. e4 e5 2. Nf3 Nc6 3. Nc3 Nf6 4. Bb5 Bb4 5. O-O O-O 6. Bxc6 dxc6 7. d3 Nd7 8.
Ne2 Re8 9. Bg5 f6 10. Be3 Nf8 11. Nh4 Ng6 12. Nxg6 hxg6 13. f4 Bg4 14. fxe5
Rxe5 15. h3 Rxe4 16. dxe4 Qxd1 17. Rfxd1 Bxe2 18. Rd7 Bd6 19. b3 g5 20. g4 Bf3
21. c4 c5 22. e5 Bxe5 23. Rf1 Bc6 24. Rd3 b6 25. Rfd1 Bd6 26. Bf2 Re8 27. Bg3
Bxg3 28. Rxg3 Re2 29. Rd8+ Kh7 30. Rc8 Rxa2 31. Rxc7 Be4 32. Re3 f5 33. gxf5
Bxf5 34. Ree7 Rb2 35. Rxg7+ Kh6 36. Rgf7 Rb1+ 37. Kg2 Rb2+ 38. Kg1 Rb1+ 39. Kg2
1/2-1/2

[Event "Mindsports Masters GM"]
[Site "London"]
[Date "2022.09.10"]
[Round "4.3"]
[White "Roberson, Peter T"]
[Black "Willow, Jonah B"]
[Result "1/2-1/2"]
[WhiteElo "2429"]
[BlackElo "2385"]
[PlyCount "64"]
[EventDate "2022.09.09"]
[EventType "tourn"]
[EventRounds "9"]
[EventCountry "ENG"]
[SourceTitle "BritBase"]
[Source "John Saunders"]
[SourceDate "2022.12.07"]
[SourceVersion "1"]
[SourceVersionDate "2022.12.07"]
[SourceQuality "1"]

1. e4 c5 2. Nf3 e6 3. c3 d5 4. exd5 Qxd5 5. d4 Nf6 6. Na3 Nc6 7. Be3 cxd4 8.
Nb5 Qd7 9. Nbxd4 Nd5 10. Qc2 Nxe3 11. fxe3 a6 12. O-O-O Qc7 13. Bd3 g6 14. Nxc6
bxc6 15. h4 Bh6 16. h5 Bb7 17. hxg6 hxg6 18. Bxg6 Bxe3+ 19. Kb1 Rxh1 20. Rxh1
O-O-O 21. Rh7 Qd6 22. Rxf7 Rg8 23. a3 c5 24. Be4 Bxe4 25. Qxe4 Qd1+ 26. Ka2
Qd5+ 27. Qxd5 exd5 28. Rf5 Rxg2 29. Rxd5 Bc1 30. Rxc5+ Kb7 31. Kb3 Rxb2+ 32.
Kc4 Rf2 1/2-1/2

[Event "Mindsports Masters GM"]
[Site "London"]
[Date "2022.09.10"]
[Round "4.4"]
[White "Grieve, Harry"]
[Black "Rowson, Jonathan"]
[Result "1-0"]
[WhiteElo "2418"]
[BlackElo "2561"]
[PlyCount "49"]
[EventDate "2022.09.09"]
[EventType "tourn"]
[EventRounds "9"]
[EventCountry "ENG"]
[SourceTitle "BritBase"]
[Source "John Saunders"]
[SourceDate "2022.12.07"]
[SourceVersion "1"]
[SourceVersionDate "2022.12.07"]
[SourceQuality "1"]

1. e4 c6 2. d4 d5 3. e5 Bf5 4. h4 h5 5. Bd3 Bxd3 6. Qxd3 Qa5+ 7. b4 Qa6 8. Qb3
e6 9. Bd2 Nd7 10. Nf3 Ne7 11. Nc3 Nf5 12. a4 Nb6 13. a5 Nc4 14. Bg5 Rc8 15. Ne2
b6 16. O-O bxa5 17. bxa5 Be7 18. Bxe7 Kxe7 19. Rfb1 Rhd8 20. Nf4 c5 21. Nxh5
Nxd4 22. Nxd4 cxd4 23. Qg3 g6 24. Nf6 Nd2 25. Qa3+ 1-0

[Event "Mindsports Masters GM"]
[Site "London"]
[Date "2022.09.10"]
[Round "4.5"]
[White "Lalic, Bogdan"]
[Black "Moreby, James"]
[Result "1/2-1/2"]
[WhiteElo "2393"]
[BlackElo "2319"]
[PlyCount "37"]
[EventDate "2022.09.09"]
[EventType "tourn"]
[EventRounds "9"]
[EventCountry "ENG"]
[SourceTitle "BritBase"]
[Source "John Saunders"]
[SourceDate "2022.12.07"]
[SourceVersion "1"]
[SourceVersionDate "2022.12.07"]
[SourceQuality "1"]

1. c4 c6 2. e4 d5 3. cxd5 cxd5 4. exd5 Nf6 5. Nc3 Nxd5 6. Nf3 Nc6 7. Bb5 e6 8.
O-O Nxc3 9. dxc3 Qxd1 10. Rxd1 Bd7 11. Be3 f6 12. Rd2 e5 13. Rad1 Be6 14. Ne1
Be7 15. Nd3 O-O-O 16. Bxc6 bxc6 17. b3 a6 18. Bb6 Rd7 19. f3 1/2-1/2

[Event "Mindsports Masters GM"]
[Site "London"]
[Date "2022.09.12"]
[Round "5.1"]
[White "Moreby, James"]
[Black "Czopor, Maciej"]
[Result "0-1"]
[WhiteElo "2319"]
[BlackElo "2415"]
[PlyCount "108"]
[EventDate "2022.09.09"]
[EventType "tourn"]
[EventRounds "9"]
[EventCountry "ENG"]
[SourceTitle "BritBase"]
[Source "John Saunders"]
[SourceDate "2022.12.07"]
[SourceVersion "1"]
[SourceVersionDate "2022.12.07"]
[SourceQuality "1"]

1. c4 e6 2. e4 c5 3. Nf3 Nc6 4. Nc3 Nd4 5. d3 Ne7 6. Nxd4 cxd4 7. Ne2 Nc6 8. g3
Bb4+ 9. Bd2 Qa5 10. a3 Bxd2+ 11. Qxd2 Qxd2+ 12. Kxd2 e5 13. Bg2 d6 14. f4 Ke7
15. b4 Bd7 16. Rhc1 f6 17. Ng1 g5 18. Ne2 h5 19. f5 h4 20. g4 Rhb8 21. Rcb1 b5
22. Nc1 a5 23. cxb5 Rxb5 24. bxa5 Rbxa5 25. Rb3 R8a7 26. Bf3 Nd8 27. Bd1 Nb7
28. Rb4 Nc5 29. Nb3 Rxa3 30. Rxa3 Rxa3 31. Bc2 Ra2 32. Nxc5 dxc5 33. Rb7 Kd8
34. Kc1 Ra1+ 35. Bb1 c4 36. Kb2 Ra4 37. Bc2 c3+ 38. Kb1 Ra5 39. Bb3 Rb5 40.
Rxb5 Bxb5 41. Bc2 Kc7 42. Ka2 Kb6 43. Ka3 Kc5 44. h3 Bc6 45. Kb3 Kb5 46. Bd1
Be8 47. Ka3 Ka5 48. Bb3 Bc6 49. Bd1 c2 50. Bxc2 Bb5 51. Kb2 Kb4 52. Bb1 Ba4 53.
Kc1 Kc3 54. Bc2 Bb5 0-1

[Event "Mindsports Masters GM"]
[Site "London"]
[Date "2022.09.12"]
[Round "5.2"]
[White "Rowson, Jonathan"]
[Black "Lalic, Bogdan"]
[Result "1/2-1/2"]
[WhiteElo "2561"]
[BlackElo "2393"]
[PlyCount "44"]
[EventDate "2022.09.09"]
[EventType "tourn"]
[EventRounds "9"]
[EventCountry "ENG"]
[SourceTitle "BritBase"]
[Source "John Saunders"]
[SourceDate "2022.12.07"]
[SourceVersion "1"]
[SourceVersionDate "2022.12.07"]
[SourceQuality "1"]

1. d4 Nf6 2. c4 e6 3. Nf3 d5 4. Nc3 Bb4 5. cxd5 exd5 6. Qa4+ Nc6 7. Bg5 h6 8.
Bxf6 Qxf6 9. e3 O-O 10. Be2 Be6 11. O-O a6 12. Qc2 Rfd8 13. Rfc1 Bd6 14. Na4
Ne7 15. Nc5 Bc8 16. e4 Bf4 17. e5 Qc6 18. Nd2 Nf5 19. Ncb3 Qxc2 20. Rxc2 c5 21.
Rxc5 Bxd2 22. Nxd2 Nxd4 1/2-1/2